000 00633nas a2200229 4500
001 BR2013003367
003 BR-BrBNA
005 20231205122239.0
007 ta
008 230509b bl.|||p| |||| 00| 00por d
040 _aBR-BrBNA
_bpor
_cBiblioteca Nacional de Agricultura
041 _a(Pt)
072 _aD50
100 1 _aColatto, V.
245 1 _aCódigo florestal no Brasil
650 _aLEGISLAÇÃO
650 _aMEIO AMBIENTE
650 _aFLORESTA
773 0 _tNosso Alho (Brazil)
_xISSN 2177-2959
_g(Jul 2011), (no. 11) p. 22-23
_wBR2013003367
909 _a202311
_bLúcia
_c55
_dLúcia Elande
942 _2AGRIS
_n0
_cANA
999 _c227672
_d227672